Les 10 pays avec le plus de trans au monde - Statistiques

Statistiques générales
  • Ce quiz a été pris 303 fois
  • Le résultat moyen est 7 sur 10
Statistiques - réponses
Populations Pays % Correct
100 000 France
96%
1 000 000 Etats Unis
95%
800 000 Brésil
85%
100 000 Royaume Uni
81%
150 000 Allemagne
80%
300 000 Thaïlande
74%
200 000 Mexique
72%
500 000 Inde
66%
150 000 Argentine
65%
200 000 Philippines
30%
Aucun quiz correspondant
Distribution des résultats
% des personnes avec chaque résultat
Percentile par nombre de réponses
Votre historique - résultats
Vous n’avez pas pris ce quiz